| 000 | 01846nam a2200253Ia 4500 | ||
|---|---|---|---|
| 003 | Ost | ||
| 005 | 20260507075446.0 | ||
| 008 | 260507s9999||||xx |||||||||||||| ||und|| | ||
| 020 | _a9957120433 | ||
| 040 | _cfsecg | ||
| 041 | _aara | ||
| 082 | _a615.10688 | ||
| 100 |
_aالعلاق، بشير _eمؤلف |
||
| 245 | 0 |
_aالتسويق الصيدلي / _c بشير العلاق |
|
| 260 |
_aعمان: _bدار اليازوري, _c2007 |
||
| 300 |
_a247 صفحة؛ _c24 سم |
||
| 504 | _aبيبليوغرافيا ص.247 | ||
| 520 | _aالتطور العلمي شمل كل المجالات والتي منها الفكر الإداري وفلسفته، فلا شك أن التسوق كعلم تطور بشكل كبير من الناحيتين العلمية والعملية وكانت له مساهماته الواضحة في دفع عجلة التقدم الاقتصادي إلى الأمام وأصبح له فكره المميز من خلال التطور الذي حذف في الكثير من مفاهيمه، بل وأصبح أكثر شمولية من حيث التطبيق فشمل كافة المنظمات مهما كانت طبيعة عملها.ونعرض في هذا الكتاب مايلي : الصناعات الصيدلانية المؤسسات والخواص ،الموقع الاجتماعي للتسويق الصيدلاني البيئة التسويقية الدوائية والصيدلانية،دراسة السوق الصيدلاني،دراسة المنتجات الدوائية والصيدلانية ،استراتيجية التسعير،،التوزيع،الترويج الدوائي،الانشطة التسويقية للصيدليات | ||
| 653 | _aتسويق صيدلاني | ||
| 653 | _aصناعة صيدلانية | ||
| 653 | _aمنتج | ||
| 653 | _aموقع اجتماعي | ||
| 942 | _cكتاب | ||
| 999 |
_c44584 _d44584 |
||